000 00697nam a2200277Ia 4500
001 Z_60
003 CHAP
008 220113s1999 xx 000 0 und d
010 _a163026
020 _a9709087-17-7
040 _cCHAP
082 _a636.9 L6
100 _aLópez Pérez, Elvia
_968223
245 _aEl conejo : una opción alimenticia /
_cElvia López Pérez y Gustavo Tirado Estrada
260 _aMéxico, D. F. :
_bGrupo Editorial Exodo,
_c1999
300 _a220 p.
503 _afotocopia
650 _aconejos
_926352
700 _aTirado Estrada, Gustavo
_9113404
901 _a636.9 L6
902 _aM
910 _a1999
942 _c1
942 _cc1
999 _c163026
_d163026